Дело о неправильном назначении палачом арестанта Григория Тубанова

Доступно только в Электронных читальных залах Найти на картеНа карте
RUSMARC
00003672nmc2a22000003x 450
001c53c3f04-9973-4bb5-9d3b-4cff74549a57
00520210315180519.0
100##$a20181210l18671867k l0rusy0189 ca
1010#$arus
102##$aRU
2001#$aДело о неправильном назначении палачом арестанта Григория Тубанова
$j7 января - 21 декабря 1867 г.
251##$cДело
300##$aДело
801#0$aRU
$bРГИА
$c20181210
$gRCR
801#1$aRU
$bГлавНИВЦ
$c20181210
$2rusmarc
801#2$aRU
$bПБ им. Б.Н. Ельцина
$c20210315
$gRCR
$2rusmarc
850##$aРГИА
852##$aРГИА
$eФедеральное казенное учреждение "Российский государственный исторический архив" (РГИА)
$j831
937##$hРГИА
$d12295735
$aASBIBLIO_SCAN
462#0$100191353b96-cc3d-4f24-9eeb-3bfef1665a95
$12001
$aДела Департамента полиции исполнительной МВД за 1867 год
$1251
$cОпись
$1852
$j28
$l1867 г.
461#0$10013e300ed0-cd39-49af-8489-5ba5b90fa401
$12001
$aДепартамент полиции исполнительной МВД
$1251
$cФонд
$1852
$j1286
215##$a14 л.
$d36,5х26 см
371##$aДокумент не является опубликованным и широко распространяемым
105##$ay###
1222#$ad
035##$ac53c3f04-9973-4bb5-9d3b-4cff74549a57
856##$uhttp://readingroom.main.prlib.ru/item.aspx?id_node=n158712299&mode=full
Формат отображения